Diagnòstic dels avantatges i les limitacions de l'actual Pla de l'Habitatge 1998-2001 : proposta de revisió / Carme Trilla proposta de revisió / Carme Trilla
ISBN:
84-7794-789-9
Publicado:
[Barcelona] :
Diputació de Barcelona, Delegació per a la Gestió Patrimonial i Habitatge ,
2001
Descripción Física:
77 p. ; 24 cm
Colección:
Habitatge i desenvolupament ; 1
MARC
| LEADER | 00000nam a2200000Ia 4500 | ||
|---|---|---|---|
| 001 | 13112 | ||
| 003 | BGR | ||
| 005 | 20260324175418.0 | ||
| 008 | 160829s2001 xx 000 0 cat d | ||
| 020 | |a 84-7794-789-9 | ||
| 080 | |a M-3-408 | ||
| 100 | 1 | |a Trilla i Bellart, Carme |9 32468 | |
| 245 | |a Diagnòstic dels avantatges i les limitacions de l'actual Pla de l'Habitatge 1998-2001 : |b proposta de revisió / Carme Trilla | ||
| 260 | |a [Barcelona] : |b Diputació de Barcelona, Delegació per a la Gestió Patrimonial i Habitatge, |c 2001 | ||
| 300 | |a 77 p. ; |c 24 cm | ||
| 490 | |a Habitatge i desenvolupament ; 1 | ||
| 650 | |a Pla de l'Habitatge 1998-2001 (Catalunya) |9 32469 | ||
| 651 | 0 | |a Catalunya |x Política de l'habitatge |9 53525 | |
| 710 | 1 | |a Barcelona (Catalunya : Província). |b Diputació |9 52408 | |
| 901 | |a Arxiu | ||
| 942 | |n 1 |2 udc |c MON | ||
| 952 | |0 0 |1 0 |4 0 |6 M3408 |7 1 |9 45994 |a Arxiu |b Arxiu |d 2016-12-01 |l 0 |o M-3-408 |p 13112 |r 2016-12-01 00:00:00 |w 2016-12-01 |y ARXIU | ||
| 999 | |c 49495 |d 49495 | ||